Kỹ thuật trồng rau ăn quả ăn củ

保存先:
書誌詳細
第一著者: Hà Thị Hiến
フォーマット: 図書
言語:Undetermined
出版事項: H. VHDT 2004
主題:
タグ: タグ追加
タグなし, このレコードへの初めてのタグを付けませんか!
Thư viện lưu trữ: Trung tâm Học liệu Trường Đại học Cần Thơ
LEADER 00494nam a2200193Ia 4500
001 CTU_61993
008 210402s9999 xx 000 0 und d
020 |b 11000 
082 |a 635 
082 |b H305 
100 |a Hà Thị Hiến 
245 0 |a Kỹ thuật trồng rau ăn quả ăn củ 
245 0 |c Hà Thị Hiến 
260 |a H. 
260 |b VHDT 
260 |c 2004 
650 |a vegetables 
904 |i Minh 
980 |a Trung tâm Học liệu Trường Đại học Cần Thơ